Analýza marketingových nástrojov Pekárne a cukrárne RUSINA, s.r.o. bakalárska práca

Gespeichert in:
Bibliographische Detailangaben
1. Verfasser: Kováčová, Eva
Körperschaft: Obchodná fakulta EU. Katedra marketingu
Weitere Verfasser: Paholková, Barbora
Format: Buch
Sprache:Slowakisch
Veröffentlicht: Bratislava 2017
Tags: Tag hinzufügen
Keine Tags, Fügen Sie das erste Tag hinzu!

MARC

LEADER 00000nbm a2200000 4500
001 0232680
005 20170920131534.3
041 0 |a slo 
044 |a SK 
245 1 0 |a Analýza marketingových nástrojov Pekárne a cukrárne RUSINA, s.r.o.  |b bakalárska práca  |c Eva Kováčová ; školiteľ: Barbora Paholková 
264 1 |a Bratislava  |c 2017 
300 |a 50 s. 
100 1 |a Kováčová, Eva 
700 1 |a Paholková, Barbora 
710 2 |a Obchodná fakulta EU. Katedra marketingu